<?xml version="1.0" encoding="UTF-8"?>
<record
    xmlns:xsi="http://www.w3.org/2001/XMLSchema-instance"
    xsi:schemaLocation="http://www.loc.gov/MARC21/slim http://www.loc.gov/standards/marcxml/schema/MARC21slim.xsd"
    xmlns="http://www.loc.gov/MARC21/slim">

  <leader>00689nam a22001697a 4500</leader>
  <controlfield tag="005">20260218152745.0</controlfield>
  <controlfield tag="008">260218b        |||||||| |||| 00| 0 eng d</controlfield>
  <datafield tag="020" ind1=" " ind2=" ">
    <subfield code="a">9789387791213</subfield>
  </datafield>
  <datafield tag="040" ind1=" " ind2=" ">
    <subfield code="c">VITAP</subfield>
  </datafield>
  <datafield tag="082" ind1=" " ind2=" ">
    <subfield code="2">23</subfield>
    <subfield code="a">954.821 RAM</subfield>
  </datafield>
  <datafield tag="100" ind1=" " ind2=" ">
    <subfield code="a">Ramakrishnan, Kamala</subfield>
    <subfield code="9">17115</subfield>
  </datafield>
  <datafield tag="245" ind1=" " ind2=" ">
    <subfield code="a">Icons of Madras</subfield>
    <subfield code="b">: A Selection of The City`s Memorable, go-to Establishments And  Institutions of Yesteryear</subfield>
    <subfield code="c">/ Kamala Ramakrishnan</subfield>
  </datafield>
  <datafield tag="260" ind1=" " ind2=" ">
    <subfield code="a">Chennai</subfield>
    <subfield code="b">THG Publishing Pvt Ltd.</subfield>
    <subfield code="c">2023</subfield>
  </datafield>
  <datafield tag="300" ind1=" " ind2=" ">
    <subfield code="a">150p, ill.: 26cm</subfield>
  </datafield>
  <datafield tag="650" ind1=" " ind2="0">
    <subfield code="a">City History &amp; Heritage, Historic Institutions, Iconic Business Establishments, Architecture &amp; Urban Landmarks, Cultural &amp; Social Life etc.</subfield>
    <subfield code="9">17116</subfield>
  </datafield>
  <datafield tag="942" ind1=" " ind2=" ">
    <subfield code="2">ddc</subfield>
    <subfield code="c">REF</subfield>
  </datafield>
  <datafield tag="999" ind1=" " ind2=" ">
    <subfield code="c">47290</subfield>
    <subfield code="d">47290</subfield>
  </datafield>
  <datafield tag="952" ind1=" " ind2=" ">
    <subfield code="0">0</subfield>
    <subfield code="1">0</subfield>
    <subfield code="2">ddc</subfield>
    <subfield code="3">Paper Back</subfield>
    <subfield code="4">0</subfield>
    <subfield code="7">1</subfield>
    <subfield code="8">REF</subfield>
    <subfield code="a">VSB</subfield>
    <subfield code="b">VITAP</subfield>
    <subfield code="c">REF</subfield>
    <subfield code="d">2026-01-12</subfield>
    <subfield code="e">The Hindu Group of Publications</subfield>
    <subfield code="g">399.00</subfield>
    <subfield code="i">9001173329</subfield>
    <subfield code="l">0</subfield>
    <subfield code="o">954.821 RAM</subfield>
    <subfield code="p">025502</subfield>
    <subfield code="r">2026-02-18 15:29:18</subfield>
    <subfield code="v">399.00</subfield>
    <subfield code="w">2026-01-12</subfield>
    <subfield code="y">REF</subfield>
    <subfield code="z">GEN</subfield>
  </datafield>
</record>
